000 00648nam a22002177a 4500
003 UA-OsUOA
001 55369
007 ta
008 20080911b un ||||| |||| 00| 0 ukr d
090 _a94(477.82)
_bЕ99
942 _cBR
040 _aUA-OsUOA
_bukr
_cUA-OsUOA
_dUA-OsUOA
245 _aЄвропейський з'їзд 1429 року в Луцьку
_bВід європейського з'їзду до Євросоюзу
300 _a30 с.
955 _a2
041 _aukr
080 _a94(477.82)
260 _aЛуцьк
_c2005
650 7 _a9 Географія. Біографії. Історія
_2UDC
999 _c341457
_d341457